ბათუმის შოთა რუსთაველის სახელმწიფო უნივერსიტეტის ბიბლიოთეკა

რჩეული თხზულებანი.[ტ.] 1 (ბიბ.ჩანაწერი № 50080)

000 -LEADER
fixed length control field 00787nam a2200205Ia 4500
001 - CONTROL NUMBER
control field 17018
003 - CONTROL NUMBER IDENTIFIER
control field GE_BSU
008 - FIXED-LENGTH DATA ELEMENTS--GENERAL INFORMATION
fixed length control field 181216s||||||||xx |||||||||||||| ||und||
040 ## - CATALOGING SOURCE
Transcribing agency GE_BSU
080 ## - UNIVERSAL DECIMAL CLASSIFICATION NUMBER
Universal Decimal Classification number 821.161.1
100 ## - MAIN ENTRY--PERSONAL NAME
Personal name ლერმონტოვი, მ.ი.
245 ## - TITLE STATEMENT
Title რჩეული თხზულებანი.[ტ.] 1
245 ## - TITLE STATEMENT
Statement of responsibility, etc. ს. დანელიას რედაქციითა და კომენტარებით
260 ## - PUBLICATION, DISTRIBUTION, ETC.
Place of publication, distribution, etc. თბილისი
260 ## - PUBLICATION, DISTRIBUTION, ETC.
Name of publisher, distributor, etc. თბილისის სახელმწ. უნ-ტის გამ-ბა
260 ## - PUBLICATION, DISTRIBUTION, ETC.
Date of publication, distribution, etc. 1948
300 ## - PHYSICAL DESCRIPTION
Extent 192 გვ. : სურ., 1 ჩართ. ფურც. პორტრ..25სმ
653 ## - INDEX TERM--UNCONTROLLED
Uncontrolled term რჩეული თხზულებანი
942 ## - ADDED ENTRY ELEMENTS (KOHA)
Koha item type წიგნი
ეგზემპლარები
Withdrawn status Lost status Damaged status Not for loan Date acquired Barcode Date last seen Price effective from Koha item type
        2018-12-17 21375 2018-12-17 2018-12-17 წიგნი